| Tag |
First Indicator |
Second Indicator |
Subfields |
| LEADER |
00000cas a2200000 a 4500 |
| 001 |
in00001342002 |
| 005 |
20151005095504.0 |
| 008 |
841113d19851993dcuar1p 0 a0eng d |
| 010 |
|
|
|a 84649184
|
| 022 |
0 |
|
|a 0888-3386
|
| 035 |
|
|
|a (OCoLC)11381446
|
| 035 |
|
|
|9 AHE8668AM
|
| 040 |
|
|
|a VYF
|c VYF
|d DLC
|d IUL
|d DLC
|d NST
|d HUL
|d NLM
|d NSD
|d NST
|d NSD
|d NST
|d ELM
|d NST
|d GUA
|d UtOrBLW
|
| 042 |
|
|
|a lc
|a nsdp
|
| 043 |
|
|
|a n-us---
|
| 049 |
|
|
|a TXAE
|
| 050 |
0 |
0 |
|a LB2385.U6
|b C65
|
| 060 |
0 |
0 |
|a LB 2338
|b D601
|
| 069 |
0 |
|
|a 8503462
|
| 069 |
1 |
|
|a SR0051979
|
| 082 |
0 |
0 |
|a 370.19/6
|2 19
|
| 210 |
0 |
|
|a Visit. Fulbright sch. occas. lect.
|
| 222 |
|
0 |
|a Visiting Fulbright scholars & occasional lecturers
|
| 245 |
0 |
0 |
|a Visiting Fulbright scholars & occasional lecturers.
|
| 246 |
3 |
0 |
|a Fulbright scholars & occasional lecturers
|
| 246 |
3 |
0 |
|a Visiting Fulbright scholars and occasional lecturers
|
| 264 |
|
1 |
|a Washington, D.C. :
|b Council for International Exchange of Scholars,
|c [1984-1992]
|
| 300 |
|
|
|a 9 volumes ;
|c 28 cm.
|
| 310 |
|
|
|a Annual
|
| 336 |
|
|
|a text
|b txt
|2 rdacontent
|
| 337 |
|
|
|a unmediated
|b n
|2 rdamedia
|
| 338 |
|
|
|a volume
|b nc
|2 rdacarrier
|
| 362 |
0 |
|
|a 1984/85 directory-1992/93 directory.
|
| 515 |
|
|
|a Issues for 1984/85-1987/88 also called v. 1.
|
| 650 |
|
0 |
|a Lecturers
|x Directories.
|
| 650 |
|
0 |
|a Scholars
|z United States
|x Directories.
|
| 650 |
|
2 |
|a Fellowships and Scholarships
|z United States
|x directories.
|
| 650 |
|
2 |
|a Research Support as Topic
|x directories.
|
| 650 |
|
2 |
|a Research
|x directories.
|
| 650 |
|
2 |
|a Training Support
|x directories.
|
| 710 |
2 |
|
|a Council for International Exchange of Scholars.
|
| 780 |
0 |
0 |
|t Directory of visiting Fulbright scholars & occasional lecturers
|x 0899-9279
|w (DLC)sn 84010981
|w (OCoLC)10120149
|
| 785 |
0 |
0 |
|t Fulbright scholar program ... directory of visiting Fulbright scholars and occasional lecturers
|w (DLC)sn 96030212
|w (OCoLC)30098311
|
| 999 |
|
|
|a MARS
|
| 999 |
f |
f |
|s c472aadb-f3a1-36eb-8832-2ddcbc8381f5
|i 7e9f3a8f-2b1e-3db1-bb4e-98b4330c5fa9
|t 0
|
| 952 |
f |
f |
|p ric
|a Texas A&M University
|b Rellis Campus
|c Joint Library Facility
|d Remote Storage
|t 0
|e LB2285.U6 C65
|h Library of Congress classification
|i unmediated -- volume
|l 1984/1985:v.1
|m A14809389319
|
| 952 |
f |
f |
|p ric
|a Texas A&M University
|b Rellis Campus
|c Joint Library Facility
|d Remote Storage
|t 0
|e LB2285.U6 C65
|h Library of Congress classification
|i unmediated -- volume
|l 1985/1986:v.1
|m A14820011832
|
| 952 |
f |
f |
|p ric
|a Texas A&M University
|b Rellis Campus
|c Joint Library Facility
|d Remote Storage
|t 0
|e LB2285.U6 C65
|h Library of Congress classification
|i unmediated -- volume
|l 1986/1987:v.2
|m A14820012032
|
| 952 |
f |
f |
|p ric
|a Texas A&M University
|b Rellis Campus
|c Joint Library Facility
|d Remote Storage
|t 0
|e LB2285.U6 C65
|h Library of Congress classification
|i unmediated -- volume
|l 1986/1987:v.1
|m A14820011785
|
| 952 |
f |
f |
|p ric
|a Texas A&M University
|b Rellis Campus
|c Joint Library Facility
|d Remote Storage
|t 0
|e LB2285.U6 C65
|h Library of Congress classification
|i unmediated -- volume
|k 1987/1988:v.2
|m A14828141398
|
| 952 |
f |
f |
|p ric
|a Texas A&M University
|b Rellis Campus
|c Joint Library Facility
|d Remote Storage
|t 0
|e LB2285.U6 C65
|h Library of Congress classification
|i unmediated -- volume
|k 1987/1988:v.1
|m A14812466942
|
| 998 |
f |
f |
|a LB2285.U6 C65
|s 1986/1987-1987/1988
|t 0
|l Remote Storage
|